Evolution of latex physiological parameters of Hevea rubber tree over consecutive tapping years (Record no. 59058)

MARC details
000 -LEADER
fixed length control field 00573nam a2200145Ia 4500
100 ## - MAIN ENTRY--AUTHOR NAME
Personal name Thanh D K
245 #0 - TITLE STATEMENT
Title Evolution of latex physiological parameters of Hevea rubber tree over consecutive tapping years
260 ## - PUBLICATION, DISTRIBUTION, ETC. (IMPRINT)
Name of publisher IRRDB Symposium on Natural rubber(Hevea brasiliensis) V.II: Physiology and Exlpoitation and Crop Protection and Planting Methods Sessions, Vietnam, 14-15 October 1997; p18-25
650 ## - SUBJECT ADDED ENTRY--TOPICAL TERM
Topical Term Hevea rubber
650 ## - SUBJECT ADDED ENTRY--TOPICAL TERM
Topical Term Latex evolution
650 ## - SUBJECT ADDED ENTRY--TOPICAL TERM
Topical Term Tapping years
700 ## - ADDED ENTRY--PERSONAL NAME
Personal name Nghia N A
942 ## - ADDED ENTRY ELEMENTS (KOHA)
Koha item type Journals
Holdings
Withdrawn status Lost status Damaged status Not for loan Home library Current library Shelving location Date acquired Koha item type
      Journals RRII Library RRII Library Physiology 17/12/2021 Journals